¿Llenar el vaso o encender el fuego? : (Record no. 175659)

MARC details
000 -LEADER
campo de control de longitud fija 01164nam a2200241 i 4500
001 - NÚMERO DE CONTROL
campo de control 175659
003 - IDENTIFICADOR DE NÚMERO DE CONTROL
campo de control ES-MaACL
005 - FECHA Y HORA DE LA ÚLTIMA TRANSACCIÓN
campo de control 20250828032708.0
008 - DATOS DE LONGITUD FIJA--INFORMACIÓN GENERAL
campo de control de longitud fija 101115s2010 sp |||| | spa d
080 ## - NÚMERO DE LA CLASIFICACIÓN DECIMAL UNIVERSAL
Número de la Clasificación Decimal Universal 37.017
100 1# - ENTRADA PRINCIPAL--NOMBRE DE PERSONA
Nombre de persona Ibáñez-Martín, José A.
9 (RLIN) 143942
245 11 - MENCIÓN DEL TÍTULO
Título ¿Llenar el vaso o encender el fuego? :
Resto del título viejos y nuevos riesgos en la acción educativa : lección inaugural del curso académico 2010-2011 en la Facultad de Educación-Centro de Formación del Profesorado /
Mención de responsabilidad, etc. por José Antonio Ibáñez-Martín.
260 ## - PUBLICACIÓN, DISTRIBUCIÓN, ETC.
Lugar de publicación, distribución, etc. Madrid :
Nombre del editor, distribuidor, etc. Facultad de Educación,
Fecha de publicación, distribución, etc. 2010.
300 ## - DESCRIPCIÓN FÍSICA
Extensión 31 p. ;
Dimensiones 27 cm.
504 ## - NOTA DE BIBLIOGRAFÍA, ETC.
Nota de bibliografía, etc. Bibliografía: p. 29-31.
505 8# - NOTA DE CONTENIDO CON FORMATO
Nota de contenido con formato Contiene: El imaginario social de la medicina y de la actividad educativa ; Las grandes cuestiones educativas en la actualidad y la sabiduría del imaginario social
594 ## - Nota al título y mención de responsabilidad
Nota al título y mención de responsabilidad Precede al tít.: Emblema de la Universidad Complutense.
650 #4 - PUNTO DE ACCESO ADICIONAL DE MATERIA--TÉRMINO DE MATERIA
Término de materia o nombre geográfico como elemento de entrada Educación-
Subdivisión general Fines y objetivos
9 (RLIN) 12081
650 #4 - PUNTO DE ACCESO ADICIONAL DE MATERIA--TÉRMINO DE MATERIA
Término de materia o nombre geográfico como elemento de entrada Educación-
Subdivisión general Filosofía-
Subdivisión cronológica S.XX.
9 (RLIN) 12080
710 2# - ENTRADA AGREGADA--NOMBRE DE ENTIDAD CORPORATIVA
Nombre de entidad corporativa o nombre de jurisdicción como elemento de entrada Universidad Complutense de Madrid.
Unidad subordinada Facultad de Educación.
9 (RLIN) 143941
852 ## - LOCALIZACIÓN
Ubicación ES-MaACL
Número de control de estantería 2286-F-8
Holdings
Estatus retirado Estado de pérdida Estado de daño No para préstamo Colección Biblioteca de origen Biblioteca actual Ubicación en estantería Fecha de adquisición Fuente de adquisición Total de préstamos Signatura topográfica completa Código de barras Visto por última vez Precio de reemplazo Tipo de ítem Koha
        Colección de folletos Biblioteca del Ateneo de Madrid Biblioteca del Ateneo de Madrid Depósito folletos 15/11/2010     2286-F-8 1184459 23/02/2023 23/02/2023 Folleto